| 000 | 00589ntaaa2200193 4500 | ||
|---|---|---|---|
| 003 | 01 | ||
| 005 | 20251027203305.0 | ||
| 008 | 0714s1973 ag 01 | ||
| 040 |
_aAR-BaBN _bspa _cAR-BaBN _eaacr _dRIC |
||
| 082 | _a982.05 P41 | ||
| 100 |
_aPérez, Joaquín _935974 |
||
| 245 |
_aArtigas, San Martín y los proyectos monárquicos en el Río de la Plata y Chile (1818-1820) / _cJoaquín Pérez |
||
| 260 |
_aBuenos Aires : _bMisión, _c1979 |
||
| 300 | _a280 p. | ||
| 500 | _aIncluye índice al final de la obra. | ||
| 650 |
_aHISTORIA ARGENTINA _924937 |
||
| 659 | _aHISTORIA | ||
| 942 | _cBK | ||
| 999 |
_c28410 _d28410 |
||